Vista normal
Vista MARC
Entrada Personal Name
Número de registros utilizados en: 2
001 - CONTROL NUMBER
- control field: 4401
003 - CONTROL NUMBER IDENTIFIER
- control field: DLC
005 - DATE AND TIME OF LATEST TRANSACTION
- control field: 20240918091348.0
008 - FIXED-LENGTH DATA ELEMENTS
- fixed length control field: 000316n| azannaabn |n aaa
010 ## - LIBRARY OF CONGRESS CONTROL NUMBER
- LC control number: n 00094348
024 7# - OTHER STANDARD IDENTIFIER
- Standard number or code: 0000000107825943
- Source of number or code: isni
035 ## - SYSTEM CONTROL NUMBER
- System control number: (OCoLC)oca05177678
040 ## - CATALOGING SOURCE
- Original cataloging agency: DLC
- Language of cataloging: spa
- Description conventions: rda
- Transcribing agency: Mx-PuUPA
- Modifying agency: DLC
- Modifying agency: MoSU
- Modifying agency: NL-TiUL
- Modifying agency: Mx-PuUPA
046 ## - SPECIAL CODED DATES
- Birth date: 19520516
- Source of date scheme: edtf
100 1# - HEADING--PERSONAL NAME
- Personal name: Spitzer, Robert J.,
- Dates associated with a name: 1952-
370 ## - ASSOCIATED PLACE
- Place of birth: Honolulu (Hawaii)
- Other associated place: Spokane (Washington)
- Other associated place: Ann Arbor (Michigan)
- Source of term: naf
373 ## - ASSOCIATED GROUP
- Associated group: Universidad Gonzaga
- Source of term: naf
- Start period: 1998-09-17
- End period: 2009-07
373 ## - ASSOCIATED GROUP
- Associated group: Centro Spitzer para el Liderazgo Ético
- Start period: 2005
373 ## - ASSOCIATED GROUP
- Associated group: Jesuitas
- Source of term: naf
- Start period: 1974
374 ## - OCCUPATION
- Occupation: Teólogo
- Occupation: Presidente universitario
- Occupation: Autor
- Source of term: lcsh
375 ## - GENDER
- Gender: hombre
377 ## - ASSOCIATED LANGUAGE
- Language code: eng
670 ## - SOURCE DATA FOUND
- Source citation: The spirit of leadership, 2001:
- Information found: ECIP title page (Robert J. Spitzer) data sheet (born May 16, 1962) book title page (Robert J. Spitzer)
670 ## - SOURCE DATA FOUND
- Source citation: Information from Gonzaga University, June 23, 2000
- Information found: (Robert J. Spitzer, S.J., Ph. D., President of Gonzaga University in Spokane, Washington; born in 1952, not 1962)
670 ## - SOURCE DATA FOUND
- Source citation: Finding true happiness : satisfying our restless hearts, 2015:
- Information found: title page (Robert J. Spitzer, S.J., Ph. D.) ; page 4 of cover (Robert J. Spitzer, S.J., Ph. D.; former president of Gonzaga University and the founder of the Magis Institute; chief education officer of the Ethics and Performance Institute; president of the Spitzer Center of Ethical Leadership)
670 ## - SOURCE DATA FOUND
- Source citation: Spitzer Center of Ethical Leadership website, viewed April 26, 2016
- Information found: (Fr. Robert Spitzer, S.J., Ph.D.; founder and president of the Spitzer Center, Ann Arbor, Michigan; born in Honolulu, Hawaii in 1952; entered the Society of Jesus in 1974, was ordained a priest on June 11, 1983, and took final vows April 4, 1992)
- Uniform Resource Identifier: http://www.spitzercenter.org/html/faith-side/about-us/our-president.php
670 ## - SOURCE DATA FOUND
- Source citation: Wikipedia, viewed April 26, 2016
- Information found: (Robert J. Spitzer, S.J.; born in Honolulu, Hawaii, on May 16. 1952; inaugurated as the 25th President of Gonzaga University on September 17, 1998 and retired July 2009; founded the Spitzer Center of Ethical Leadership in 2005)